000 00617nam a2200265Ia 4500
005 20260306163651.0
008 008 260114s9999 xx 000 0 eng d
020 _a9781526121011
037 _aEBOOK
040 _aCRL
040 _beng
040 _cCRL
041 _2eng
041 _aeng
084 _qCRL
100 _aRaboin
_91129113
245 0 _aDiscourses On Lgbt Asylum In The Uk
260 _bManchester University Press
260 _c2017
650 _aSocial Work
856 _uhttps://academic.oup.com/book/19158
942 _cEBOOK
999 _c1711008
_d1711008